00701nam a2200181 a 450000100100000000500170001000800410002704000250006808200190009310000290011224501230014126000340026430000210029870000270031970000390034695201170038599900170050200004211420240306164224.0131114s1970 mx 000 0 spa d aDO-SdBNPbspacBNPHU axxxxxxbxxxxxx1 aCollazos, Óscar96911210aLiteratura en la revolución y revolución en la literatura /cÓscar Collazos, Julio Cortazar, Mario Vargas Llosa. aMéxico :bSiglo XXI,c1970. a118 p. ;c15 cm.1 aCortazar, Julio9227821 aVargas Llosa, Mario,d1936-912567 001050718MOaGRbGRcHDd2013-11-14iLF1l0oxxxxxx xxxxxxp42114-10r2020-06-25w2020-06-25y1ZNo se presta c41603d41603